Visualizzazione normale
Vista MARC
- Félix, María,
di Personal Name
Records bibliografici associati: 1
001 - CONTROL NUMBER
- control field: 70974
003 - CONTROL NUMBER IDENTIFIER
- control field: IT-RoINE
005 - DATE AND TIME OF LATEST TRANSACTION
- control field: 20220309102858.0
008 - FIXED-LENGTH DATA ELEMENTS
- fixed length control field: 220309|| aca||aabn | a|a d
040 ## - CATALOGING SOURCE
- Original cataloging agency: IT-RoINE
- Transcribing agency: IT-RoINE
100 ## - HEADING--PERSONAL NAME
- Personal name: Félix, María,
- Dates associated with a name: 1907-2001
- General subdivision: Biografía
670 ## - SOURCE DATA FOUND
- Source citation: Work cat.: (IT-RoINE): Abraira, Pilar, C.S. 70973, Dios sobre todo :, 2021.